书目信息 |
| 题名: |
工程地质
|
|
| 作者: | 徐秀华 , 齐丽云 主编 | |
| 分册: | ||
| 出版信息: | 北京 人民交通出版社 2007.01 |
|
| 页数: | 206页 | |
| 开本: | 26cm | |
| 丛书名: | ||
| 单 册: | ||
| 中图分类: | P642 | |
| 科图分类: | ||
| 主题词: | 工程地质 | |
| 电子资源: | ||
| ISBN: | 7-114-05695-8 | |
| 000 | 00702 nam 000253 | |
| 001 | 0100004436 | |
| 005 | 20080605145306.48 | |
| 010 | @a7-114-05695-8@dCNY23.00 | |
| 100 | @a20071031d2007 em y0chiy0121 ea | |
| 101 | @achi | |
| 102 | @aCN@b110000 | |
| 105 | @ay z 000yy | |
| 200 | 10 | @a工程地质@9gong cheng de zhi@f齐丽云,徐秀华主编@Fqi li yun , xu xiu hua zhu bian |
| 205 | @a2版 | |
| 210 | @a北京@c人民交通出版社@d2007.01 | |
| 215 | @a206页@d26cm | |
| 300 | @a交通土建高职高专统编教材 | |
| 606 | @a工程地质 | |
| 690 | @aP642@v4 | |
| 701 | 1 | @a徐秀华@9xu xiu hua@4主编 |
| 701 | 0 | @a齐丽云@9qi li yun@4主编 |
| 801 | @aCN@c20080605 | |
| 901 | @a000006 | |
| 905 | @b645702-4@dP642@eQ040@f3 | |
| 工程地质/齐丽云,徐秀华主编.-2版.-北京:人民交通出版社,2007.01 |
| 206页;26cm |
| 交通土建高职高专统编教材 |
| ISBN 7-114-05695-8:CNY23.00 |
| ● |
| 相关链接 |
|
|
|
正题名:工程地质
索取号:P642/Q040
 
预约/预借
| 序号 | 登录号 | 条形码 | 馆藏地/架位号 | 状态 | 备注 |
| 1 | 452343 | 204523435 | 期刊室512/401自科库 128排2列4层/ [索取号:P642/Q040] | 在馆 | |
| 2 | 645702 | 206457029 | 期刊室512/401自科库 128排2列4层/ [索取号:P642/Q040] | 在馆 | |
| 3 | 645703 | 206457038 | 自科库401/401自科库 133排1列5层/ [索取号:P642/Q040] | 在馆 | |
| 4 | 645704 | 206457047 | 期刊室512/401自科库 128排2列4层/ [索取号:P642/Q040] | 在馆 |